ՀՀ Գիտությունների ազգային ակադեմիայի հիմնարար գիտական գրադարան  =   Fundamental Scientific Library of NAS RA

Хроника жизни семьи Сталина / (Record no. 149104)

MARC details
000 -LEADER
fixed length control field 00775nam a2200229 u 4500
001 - CONTROL NUMBER
control field 000393139
003 - CONTROL NUMBER IDENTIFIER
control field AM-YeHGA
005 - DATE AND TIME OF LATEST TRANSACTION
control field 20250617132325.0
008 - FIXED-LENGTH DATA ELEMENTS--GENERAL INFORMATION
fixed length control field 041208s1990 ||| r 000 0 rus d
020 ## - INTERNATIONAL STANDARD BOOK NUMBER
International Standard Book Number 5235015320
040 ## - CATALOGING SOURCE
Original cataloging agency AM-YeHGA
041 0# - LANGUAGE CODE
Language code of text/sound track or separate title rus
090 ## - LOCALLY ASSIGNED LC-TYPE CALL NUMBER (OCLC); LOCAL CALL NUMBER (RLIN)
-- 150493
100 1# - MAIN ENTRY--PERSONAL NAME
Personal name Колесник, Александр Николаевич.
245 10 - TITLE STATEMENT
Title Хроника жизни семьи Сталина /
Statement of responsibility, etc. Александр Колесник.
260 ## - PUBLICATION, DISTRIBUTION, ETC.
Place of publication, distribution, etc. Харьков :
Name of publisher, distributor, etc. Интербук,
Date of publication, distribution, etc. 1990.
300 ## - PHYSICAL DESCRIPTION
Extent 143 с.
600 14 - SUBJECT ADDED ENTRY--PERSONAL NAME
Personal name Сталин, Иосиф Виссарионович
653 0# - INDEX TERM--UNCONTROLLED
Uncontrolled term КПСС - История - Биографии
653 0# - INDEX TERM--UNCONTROLLED
Uncontrolled term Культ личности Сталина
653 0# - INDEX TERM--UNCONTROLLED
Uncontrolled term СССР - История
Holdings
Withdrawn status Lost status Damaged status Not for loan Collection Home library Current library Date acquired Total checkouts Full call number Barcode Date last seen Price effective from Koha item type Public note
        General Fundamental Scientific Library Fundamental Scientific Library 28/12/2016   929.Сталин 120623008 28/12/2016 28/12/2016 Գրքեր / Books 30 Days Loan


ՀՀ ԳԱԱ հիմնարար գիտական գրադարան
ՀՀ,Երևան 0019
Մարշալ Բաղրամյան 24/6
հեռախոս:(374-10) 52-47-50
Հետադարձ կապ

All site content, except where otherwise noted, is licensed under a
Creative Commons License